000 00274nam a2200133Ia 4500
100 _aCII
942 _cBK
654 _abusiness
245 _aBusiness excellence and self Assessment
260 _bCII
_c2001
082 _a650.13
_bBUS
300 _a168
546 _aENGLISH
999 _c28204
_d28204